00333nam a22001097a 4500082002700000100002400027245007200051260003500123300002000158526003700178650000800215 a627.5bGARcL-38, P-94 aGarg, Santosh Kumar aIrrigation engineering and hydraulic structurescSantosh Kumar Garg aDelhibKhanna Publishersc2008 axxxi, 1594 p. : a0b0c0d627_500000000000000_GAR aMCE